000
00279nam a22001217a 4500
008
181004b xxu||||| |||| 00| 0 eng d
041
_a
eng
080
_a
721
100
_a
41
101
_a
ARK
245
_a
Encyclopedia Of Modern Architecture
_c
Abrams.H.R
942
_2
udc
_c
BK
999
_c
48850
_d
48850